000 nam a22 a 4500
999 _c405680
_d405680
003 BLK
005 20210413100749.0
008 180412b bul|||||r ||||||| ||bul||
040 _aBLK
041 _aFRE
_cFRE
080 _aГражданско съдопроизводство. Граждански процес. - Видове гражданско съдопроизводство:арбитражна, опростени процедури за по-дребни случаи, формалности при съдебна процедура, разследване, доказване
_b347.91/.95
_z347.91/.95(44)(094)
_x(44)(094)
100 _aMourlon, Frederic
_eпърви автор
_9435322
139 _aMourlon, Frederic
245 1 0 _aRepetitions ecrites ser le Code civil contenant l`expose des pringipes generaux leurs motifs et la solution des questions theoriques
_cFrederic Mourlon.
_nTome Premier
250 _a11. edit.
257 _aFRA
260 _aParis
_bLibrairie Garnier Freres
_c1880
_9443444
300 _c23 cm
380 _a3
490 _9435080
_aКолекция Редки и ценни издания
500 _aFrederic Mourlon docteur en droit, avocat a la cour de Paris. - Onzieme edition, revue et mise au courant par Ch. Demangeat conseiller a la Cour de cassation, professeur. - Кор. загл.: Repetitions ecrites sur le Code civil (premier examen de baccalaureat)
505 _tАвтограф от Ф. Филчев с текст: Подарявам на русенската градска библиотека. Ф. Филчев, Януари`95 г.
650 0 _aГраждански процесуален кодекс - Франция
_9435307
653 _aграждански процес
760 1 _aMourlon, Frederic
_dParis, 1880
_h935 p.
_tRepetitions ecrites ser le Code civil contenant l`expose des pringipes generaux leurs motifs et la solution des questions theoriques
_b11. edit.
_oTome Premier
852 _aРф 880
_bРц
942 _cKNG
_n0
_s1
944 _aCR
_c2021-04-06
_kСТ
944 _aED
_c2021-04-07
999 _d405680
999 _d405680